Bilecik Bilecik Bilecik Bilecik Bilecik

Türkiye'de demokrasi, islam ve laiklik/ (Record no. 49143)

MARC details
000 -BAŞLIK
Sabit Uzunluktaki Kontrol Alanı 01212nam a22003617a 4500
001 - KONTROL NUMARASI
Control Dosyası 0049305
003 - KONTROL NUMARASI KİMLİĞİ
Kontrol Alanı KOHA_MİRAKIL
005 - EN SON İŞLEM TARİHİ ve ZAMANI
Kontrol Alanı 20260207003648.0
007 - FİZİKSEL TANIM SABİT ALAN - GENEL BİLGİ
Sabit uzunluklu kontrol alanı ta
008 - SABİT UZUNLUKTAKİ VERİ ÖGELERİ - GENEL BİLGİ
Sabit Alan 150629b2013 tu |||gr||||#||||0|tur |
020 ## - ISBN - ULUSLARARASI STANDART KİTAP NUMARASI
Isbn 9786053992790
040 ## - KATALOGLAMA KAYNAĞI
Özgün Kataloglama Kurumu TR-BiSEU
Kataloglama Dili tur
Çeviri Kurumu TR-BiSEU
Açıklama Kuralları rda
041 0# - DİL KODU
Metin ya da ses kaydının dil kodu tur
044 ## - YAYINLAYAN/ÜRETEN KURULUŞUN ÜLKE KODU
ISO country code tu
050 ## - SINIFLAMA ve YER NUMARASI
Sınıflama Numarası JQ1805
Yer Numarası .T87 2013
245 0# - ESER ADI BİLDİRİMİ
Başlık Türkiye'de demokrasi, islam ve laiklik/
Sorumluluk Bildirimi Derleyenler Ahmet Kuru, Alfred Stephan ; Çeviren Hande Tatoğlu ; Yayına Hazırlayan Cem Tüzün; Düzelti Remzi Abbas.
264 #1 - ÜRERİM, YAYIN, DAĞITIM ve TELİF BİLDİRİMİ
Yayın yeri İstanbul :
Yayınlayan Bİlgi Üniversitesi Yayınları
Yayın tarihi 2013
300 ## - FİZİKSEL TANIMLAMA
Sayfa, Cilt vb. 228 sayfa; 25 cm.
336 ## - İÇERİK TÜRÜ
Content type term metin
Content type code txt
Source rdacontent
337 ## - MEDYA TÜRÜ
Media type term aracısız
Media type code n
Source rdamedia
338 ## - TAŞIYICI TÜRÜ
Carrier type term cilt
Carrier type code nc
Source rdacarrier
490 1# - DİZİ BİLDİRİMİ
Dizi Bildirimi Bİlgi Üniversitesi Yayınları ;
Cilt Numarası 420.
490 1# - DİZİ BİLDİRİMİ
Dizi Bildirimi Siyaset Bilmi ;
Cilt Numarası 46.
500 ## - GENEL NOT
Genel Not Dizin var.
500 ## - GENEL NOT
Genel Not Kaynakça var.
650 #0 - KONU BAŞLIĞI EK GİRİŞ - KONU TERİMİ
Konusal terim veya coğrafi ad Democracy--Turkey.
9 (RLIN) 6920
650 #0 - KONU BAŞLIĞI EK GİRİŞ - KONU TERİMİ
Konusal terim veya coğrafi ad Secularism--Turkey.
9 (RLIN) 15192
650 #0 - KONU BAŞLIĞI EK GİRİŞ - KONU TERİMİ
Konusal terim veya coğrafi ad Islam and state--Turkey.
9 (RLIN) 12373
650 #0 - KONU BAŞLIĞI EK GİRİŞ - KONU TERİMİ
Konusal terim veya coğrafi ad Cultural pluralism --Turkey
9 (RLIN) 90668
830 1# - SERİ EK GİRİŞİ - TEKBİÇİM ESER ADI
Tekbiçim Başlık Bİlgi Üniversitesi Yayınları ;
Volume number/sequential designation 420.
9 (RLIN) 90669
830 1# - SERİ EK GİRİŞİ - TEKBİÇİM ESER ADI
Tekbiçim Başlık Siyaset Bilmi ;
Volume number/sequential designation 46.
9 (RLIN) 90670
942 ## - EK GİRİŞ ÖGELERİ (KOHA)
Source of classification or shelving scheme Library of Congress Classification
Koha item type Book
Holdings
Materyal Türü Kalıcı Konum Mevcut Konum Raf Yeri Sınıflandırma Kaynağı Edinim Bilgisi Ana Konular Alt Konular Yer Numarası Demirbaş Numarası Fatura Tarihi Maliyet, Alış Fiyatı Maliyet, Yenileme Fiyatı Geri Çekilme Durumu Kayıp Durumu Hasarlı Durumu Kredi için değil Kayıt Tarih Toplam Ödünçverme Son Görülme Tarihi Son Kontrol Tarihi Satın Alma Notu
Book Prof. Dr. Azmi Özcan Kütüphanesi Prof. Dr. Azmi Özcan Kütüphanesi Uluğbey Salonu Library of Congress Classification Satın SİYASET BİLİMİ Siyasi Kurumlar ve Kamu Yönetimi (Asya, Afrika, Okyanusya vb.) JQ1805 .T87 2013 0049305 07/07/2015 14.89 14.89         29/06/2015   05/12/2024 05/12/2024 B-984687 - B-984797